|
LDR
| 01306nam a2200385 a 4500 |
|---|
| 001 | 4080 |
|---|
| 003 | CZ-PrJAB |
|---|
| 005 | 20160323173447.0 |
|---|
| 007 | tu |
|---|
| 008 | 980513s1998 xr e 000 0 cze |
|---|
| 015 | | . |
‡acnb000301883 |
|---|
| 020 | | . |
‡a80-7178-194-0
‡q(brož.) :
‡cKč 295,00 |
|---|
| 035 | | . |
‡a(CZ PrNK)cpk19980301883 |
|---|
| 035 | | . |
‡a(OCoLC)39586325 |
|---|
| 040 | | . |
‡aABA001
‡bcze |
|---|
| 041 | 1 | . |
‡acze
‡heng |
|---|
| 072 | | 7. |
‡a371
‡xŠkolství (organizace)
‡2Konspekt
‡922 |
|---|
| 080 | | . |
‡a371.3
‡2undef |
|---|
| 080 | | . |
‡a159.92
‡2undef |
|---|
| 080 | | . |
‡a37.03
‡2undef |
|---|
| 100 | 1 | . |
‡aCanfield, Jack,
‡d1944-
‡7jn20000601120
‡4aut |
|---|
| 245 | 1 | 0. |
‡aHry pro výchovu k odpovědnosti a sebedůvěře /
‡cJack Canfield, Frank Siccone ; [z angličtiny přeložila Zdena Dostálová] |
|---|
| 250 | | . |
‡aVyd. 1. |
|---|
| 260 | | . |
‡aPraha :
‡bPortál,
‡c1998 |
|---|
| 300 | | . |
‡a384 s. ;
‡c24 cm |
|---|
| 650 | 0 | 7. |
‡avyučovací metody
‡7ph127294
‡2czenas |
|---|
| 650 | 0 | 7. |
‡adidaktické hry
‡7ph119432
‡2czenas |
|---|
| 650 | 0 | 7. |
‡asebevědomí
‡7ph125455
‡xrozvoj
‡2czenas |
|---|
| 650 | 0 | 7. |
‡avýchova
‡7ph127418
‡2czenas |
|---|
| 655 | | 7. |
‡apříručky
‡7fd133209
‡2czenas |
|---|
| 700 | 1 | . |
‡aDostálová, Zdeňka
‡7jx20051121016
‡4trl |
|---|
| 700 | 1 | . |
‡aSiccone, Frank,
‡d1948-
‡7xx0110726
‡4aut |
|---|
| 765 | 0 | . |
‡t101 ways to develop student self-esteem
‡9Česky |
|---|
| 910 | | . |
‡aABG312 |
|---|
| 901 | | . |
‡a4080
‡bUnknown
‡c4080
‡tbiblio |
|---|